000 00421nam a2200157Ia 4500
008 230917s9999||||xx |||||||||||||| ||und||
020 _cRS995
040 _e30929
_aMAIN
041 _aEnglish
082 _a361.6 S13S
100 _aRameshwari Dev, ed.
245 0 _aSocial work and social welfare administration: Methods and apractices
260 _aJaipur
_bMangal Deep
_c1998
300 _avi, 184 p.
942 _cBK
999 _c104434
_d104434